Türkiye Millî Takımı’nda 10 Gol Atan Futbolcular - Armageddon - Statistics

General Stats
  • This quiz has been taken 463 times
  • The average score is 3 of 12
Answers on the Grid
Answers color-coded by a green-red scale on the quiz's grid according to % correct below.
Hakan Şükür
Fatih Tekke
Burak Yılmaz
Selçuk İnan
Emre Belözoğlu
Tuncay Şanlı
Yıldıray Baştürk
Sergen Yalçın
Necati Ateş
Tümer Metin
Cenk Tosun
Hakan Çalhanoğlu
Gökdeniz Karadeniz
Metin Oktay
Cemil Turan
Emre Mor
Semih Şentürk
Nihat Kahveci
Ozan Tufan
Arda Turan
Kaan Ayhan
Yusuf Yazıcı
Kerem Aktürkoğlu
Arda Güler
Orkun Kökçü
Hasan Şaş
Nuri Şahin
Cengiz Ünder
Ayhan Akman
Mevlüt Erdinç
Halil Altıntop
Hamit Altıntop
Alpay Özalan
Ergün Penbe
Tayfur Havutçu
Ümit Davala
Arif Erdem
İlhan Mansız
Tugay Kerimoğlu
Okan Buruk
Oktay Derelioğlu
Hami Mandıralı
 
Answer Stats
Answer % Correct
Hakan Şükür
61%
Burak Yılmaz
47%
Cenk Tosun
23%
Arda Turan
22%
Hakan Çalhanoğlu
22%
Nihat Kahveci
18%
Tuncay Şanlı
18%
Metin Oktay
15%
Kerem Aktürkoğlu
11%
Cengiz Ünder
7%
Arif Erdem
4%
Cemil Turan
2%
No matching quizzes found
Score Distribution
Percent of People with Each Score
Percentile by Number Answered
Your Score History
You have not taken this quiz